000
00369nam a2200157Ia 4500
008
240830s1984 xx 000 0 und d
041
_a
san
082
_a
1
100
_a
APTE M
245
_a
ANANDASRAM SUSKRUT GRANTHAWALI
250
_a
1
260
_a
SANGALI
_b
N.D.
_c
1984
300
_a
100p
906
_a
ANANDASRAM SUSKRUT GRANTHAWALI
999
_c
1183868
_d
1183868